| 000 | 01166nam a2200337 c 4500 | ||
|---|---|---|---|
| 001 | 58077 | ||
| 003 | CO-BoRNBP | ||
| 005 | 20250814230050.0 | ||
| 007 | ta | ||
| 008 | 201222s2020 ck a|||ar|||| 00| 1 spa d | ||
| 020 | _a9789585161108 | ||
| 040 |
_aCO-BoRNBP _bspa _erda _cCO-BoRNBP |
||
| 041 | 0 | _aspa | |
| 084 | _aA | ||
| 100 |
_aCuéllar Serrano, Olga, _d1958- _eaut |
||
| 245 | 1 | 0 |
_aMis números / _cOlga Cuéllar. |
| 250 | _aEdición especial | ||
| 264 | 1 |
_aBogotá, Colombia : _bDistribuidora y Editora Richmond, _c2020 |
|
| 300 |
_a14 páginas sin numerar : _bilustraciones |
||
| 336 |
_2rdacontent _atexto _btxt |
||
| 337 |
_2rdamedia _asin mediación _bn |
||
| 338 |
_2rdacarrier _avolumen _bnc |
||
| 490 | 0 | _aPlan Nacional de Lectura y Escritura Leer es mi Cuento / Ministerio de Cultura | |
| 521 | _aRecomendado para un público infantil hasta 18 meses de edad | ||
| 650 | 0 | 4 |
_aÁlbumes infantiles colombianos _ysiglo xx _2LEMB _91018 |
| 650 | 0 | 7 |
_aAnimales en la literatura _2LEMB _9853 |
| 650 | 0 | 4 |
_aNúmeros _válbum _2LEMB _960602 |
| 650 | 0 | 4 |
_aLiteratura infantil colombiana _ysiglo xx _2LEMB _9364 |
| 655 |
_aÁlbumes _9324623 |
||
| 942 |
_2loc _cBKLIT |
||
| 999 |
_c58077 _d58077 |
||